The HOK guidebook to sustainable design (Record no. 12119)

000 -LEADER
fixed length control field 01337cam a22003494a 4500
003 - CONTROL NUMBER IDENTIFIER
control field OSt
005 - DATE AND TIME OF LATEST TRANSACTION
control field 20231117144426.0
008 - FIXED-LENGTH DATA ELEMENTS--GENERAL INFORMATION
fixed length control field 050325s2006 njua b 001 0 eng
020 ## - INTERNATIONAL STANDARD BOOK NUMBER
International Standard Book Number 9780471696131
040 ## - CATALOGING SOURCE
Original cataloging agency BMSCA
041 ## - LANGUAGE CODE
Language code of text/sound track or separate title eng
042 ## - AUTHENTICATION CODE
Authentication code pcc
082 00 - DEWEY DECIMAL CLASSIFICATION NUMBER
Classification number 720.47
Edition number 22
Item number MEN
100 1# - MAIN ENTRY--PERSONAL NAME
Personal name Mendler, Sandra.
245 14 - TITLE STATEMENT
Title The HOK guidebook to sustainable design
Statement of responsibility, etc Sandra Mendler, William Odell, Mary Ann Lazarus.
246 30 - VARYING FORM OF TITLE
Title proper/short title Guidebook to sustainable design
250 ## - EDITION STATEMENT
Edition statement 2nd ed.
260 ## - PUBLICATION, DISTRIBUTION, ETC. (IMPRINT)
Place of publication, distribution, etc Hoboken, N.J. :
Name of publisher, distributor, etc J. Wiley,
Date of publication, distribution, etc c2006.
300 ## - PHYSICAL DESCRIPTION
Extent xx, 459 p. :
Other physical details ill. ;
Dimensions 29 cm.
504 ## - BIBLIOGRAPHY, ETC. NOTE
Bibliography, etc Includes bibliographical references (p. 447-450) and index.
610 20 - SUBJECT ADDED ENTRY--CORPORATE NAME
Corporate name or jurisdiction name as entry element Hellmuth, Obata & Kassabaum.
650 #0 - SUBJECT ADDED ENTRY--TOPICAL TERM
Topical term or geographic name as entry element Sustainable architecture.
650 #0 - SUBJECT ADDED ENTRY--TOPICAL TERM
Topical term or geographic name as entry element Sustainable architecture
Form subdivision Case studies.
650 #0 - SUBJECT ADDED ENTRY--TOPICAL TERM
Topical term or geographic name as entry element Architecture
General subdivision Environmental aspects.
650 #0 - SUBJECT ADDED ENTRY--TOPICAL TERM
Topical term or geographic name as entry element Architectural design
General subdivision Methodology.
700 1# - ADDED ENTRY--PERSONAL NAME
Personal name Odell, William
Fuller form of name (William Edward),
Dates associated with a name 1945-
700 1# - ADDED ENTRY--PERSONAL NAME
Personal name Lazarus, Mary Ann.
856 41 - ELECTRONIC LOCATION AND ACCESS
Materials specified Table of contents only
Uniform Resource Identifier <a href="http://www.loc.gov/catdir/toc/ecip0510/2005008655.html">http://www.loc.gov/catdir/toc/ecip0510/2005008655.html</a>
856 42 - ELECTRONIC LOCATION AND ACCESS
Materials specified Publisher description
Uniform Resource Identifier <a href="http://www.loc.gov/catdir/enhancements/fy0622/2005008655-d.html">http://www.loc.gov/catdir/enhancements/fy0622/2005008655-d.html</a>
856 42 - ELECTRONIC LOCATION AND ACCESS
Materials specified Contributor biographical information
Uniform Resource Identifier <a href="http://www.loc.gov/catdir/enhancements/fy0653/2005008655-b.html">http://www.loc.gov/catdir/enhancements/fy0653/2005008655-b.html</a>
942 ## - ADDED ENTRY ELEMENTS (KOHA)
Source of classification or shelving scheme
Holdings
Withdrawn status Lost status Source of classification or shelving scheme Damaged status Koha normalized classification for sorting Not for loan Permanent location Current location Date acquired Source of acquisition Cost, normal purchase price Full call number Barcode Date last seen Cost, replacement price Price effective from Koha item type Shelving location
        720_470000000000000_MEN   BMS College of Architecture, Design and Planning BMS College of Architecture, Design and Planning 2023-11-16 10 5922.16 720.47 MEN AR-PG676 2023-11-16 8460.23 2023-11-16 PG Books  
        720_470000000000000_MEN   BMS College of Architecture, Design and Planning BMS College of Architecture, Design and Planning 2025-12-03     720.47 MEN AR-UG5084 2026-02-10   2026-02-10 B.PLAN General Stacks
Copyright © 2025, The Librarian, Library and Information Centre, BMSCA D&P, Bengaluru. All Rights Reserved
web counter

Powered by Koha